000 00581nam a22002177a 4500
001 00028857
005 20260423161848.0
008 260423b ag ||||| |||| 00| 0 spa d
020 _a8441308993
040 _aAR-CcCEOS
_bspa
_cAR-CcCEOS
041 _aspa
080 _a94(47)
090 _bAND v.2
100 1 _aAndrews, Peter
_91107
245 _aLos emperadores de Rusia :
_bVolumen II /
_cPeter Andrews
264 _aBarcelona :
_bFolio,
_c1998.
300 _a176 p. ;
_c30x28 cm.
490 _vAtlas culturales del mundo
655 0 _aarte
_9138
942 _2udc
_cBK
_n0
999 _c28899
_d28899